书目信息 |
| 题名: |
人生论
|
|
| 作者: | 培根 , Bacan 著 ;何新 译 | |
| 分册: | ||
| 出版信息: | 北京 华龄出版社 2001 |
|
| 页数: | 214页 | |
| 开本: | 20cm | |
| 丛书名: | 新世纪励志书架 | |
| 单 册: | ||
| 中图分类: | B561.12 , B561.21 | |
| 科图分类: | ||
| 主题词: | 随笔--英国--近代--选集 , CT--S903502--人生哲学 , CT--S071925--随笔 , 哲学--欧洲 | |
| 电子资源: | ||
| ISBN: | 7-80082-614-7 | |
| 000 | 01142oam2 2200349 450 | |
| 001 | 1158114747 | |
| 005 | 20111003161104.93 | |
| 010 | @a7-80082-614-7@dCNY9.00 | |
| 100 | @a20010726d2001 emky0chiy0110 ea | |
| 101 | 1 | @achi@ceng |
| 102 | @aCN@b110000 | |
| 105 | @ay z 000yy | |
| 200 | 1 | @a人生论@9ren sheng lun@f(英)弗·培根(Bacan.F)著@g何新译 |
| 205 | @a修订版 | |
| 210 | @a北京@c华龄出版社@d2001 | |
| 215 | @a214页@d20cm | |
| 225 | 2 | @a新世纪励志书架@i西方哲学“拿来主义”丛书 |
| 330 | @a本书是培根文学方面的主要著作,共收入58篇短文。探讨了包括哲学、伦理学、做官秘诀、处世之道、治家准则、对艺术和大自然的欣赏等方面的问题。 | |
| 461 | 0 | @12001 @a新世纪励志书架 |
| 462 | 0 | @12001 @a西方哲学“拿来主义”丛书 |
| 510 | 1 | @aTheory on Life@zeng |
| 606 | 0 | @a随笔@y英国@z近代@j选集 |
| 606 | 0 | @2CT@3S903502@a人生哲学 |
| 606 | 0 | @2CT@3S071925@a随笔 |
| 606 | 0 | @a哲学@x欧洲 |
| 690 | @aB561.12@v4 | |
| 690 | @aB561.21@v4 | |
| 701 | 1 | @c(英)@a培根@9pei gen@c(Bacon, Francis@f1561~1626)@4著 |
| 701 | 1 | @aBacan@bF.@4著 |
| 702 | 0 | @a何新@9he xin@4译 |
| 801 | 0 | @aCN@b91MARC@c20101222 |
| 905 | @a10447@dB561.12@eJY37 | |
| 人生论/(英)弗·培根(Bacan.F)著/何新译.-修订版.-北京:华龄出版社,2001 |
| 214页;20cm.-(新世纪励志书架.西方哲学“拿来主义”丛书) |
| ISBN 7-80082-614-7:CNY9.00 |
| 本书是培根文学方面的主要著作,共收入58篇短文。探讨了包括哲学、伦理学、做官秘诀、处世之道、治家准则、对艺术和大自然的欣赏等方面的问题。 |
| ● |
| 相关链接 |
|
|
|
|
正题名:人生论
索取号:B561.12/JY37
 
预约/预借
| 序号 | 登录号 | 条形码 | 馆藏地/架位号 | 状态 | 备注 |
| 1 | 7824855 | 278248558 | 学院路分馆/ [索取号:B561.12/JY37] | 在馆 | |
| 2 | 7824856 | 278248567 | 学院路分馆/ [索取号:B561.12/JY37] | 在馆 | |
| 3 | 7824857 | 278248576 | 学院路分馆/ [索取号:B561.12/JY37] | 在馆 | |
| 4 | 7824858 | 278248585 | 学院路分馆/ [索取号:B561.12/JY37] | 在馆 |